000 00683nam a2200229 i 4500
001 141106
003 ES-MaACL
005 20240127063008.0
007 t|
008 950407s1994 sp ||||1| spa d
020 _a84-204-8146-7
080 _a86-311.2"19"
080 _a86(Sampedro,J.L.7 S.01)
100 1 _aSampedro, José Luis,
_d1917-2013
_9102185
245 1 3 _aLa Sombra de los días /
_cJosé Luis Sampedro.
260 _aMadrid :
_bAlfaguara,
_cD.L. 1994.
300 _a208 p. ;
_c22 cm.
490 1 _aAlfaguara hispánica ;
_v123
830 0 _aAlfaguara hispánica ;
_v123
_9178131
852 _aES-MaACL
_jL-17766
_bR.123071
999 _c141106
_d141106